000 00918cam a2200277 a 4500
001 000014219
005 20250707112615.0
008 760204s1992 sp b 001 0 spa
020 _a8420621374
035 _a(DLC) 76451158
040 _aDO-SdBNP
_bspa
_cBNPHU
_dDLC
082 _a330
_bT153f, 1992
100 1 _aTamames, Ramón,
_qRamón Tamames Gómez
_d1933-
_932125
245 1 0 _aFundamentos de estructura ecónomica /
_cRamón Tamames; prólogo José Luis Sampedro.
250 _a5a ed.
260 _aMadrid :
_bAlianza Editorial,
_c1992.
300 _a835 p. : ;
_c24 cm.
490 1 _aAlianza universidad
_v137
500 _aIncluye índice de nombres: p. 825-835
500 _aIncluye notas al pie al pie páginas.
650 0 _aEconomia
_985383
700 1 _aSampedro José Luis
_cpró.
_932126
830 0 _aAlianza universidad ;
_v137.
_932127
910 _aCatalogación derivada
049 _aBNGR
999 _c13818
_d13818